Normal view MARC view

Entry Personal Name

Number of records used in: 1

001 - CONTROL NUMBER

  • control field: 9300

003 - CONTROL NUMBER IDENTIFIER

  • control field: DLC

005 - DATE AND TIME OF LATEST TRANSACTION

  • control field: 20221114113305.0

008 - FIXED-LENGTH DATA ELEMENTS

  • fixed length control field: 100506n| acannaabn |a aaa

010 ## - LIBRARY OF CONGRESS CONTROL NUMBER

  • LC control number: n 2010028780

040 ## - CATALOGING SOURCE

  • Original cataloging agency: DLC
  • Language of cataloging: eng
  • Transcribing agency: DLC

100 1# - HEADING--PERSONAL NAME

  • Personal name: Rathore, M. M.
  • Fuller form of name: (Mahesh M.)

400 1# - SEE FROM TRACING--PERSONAL NAME

  • Personal name: Rathore, Mahesh M.

670 ## - SOURCE DATA FOUND

  • Source citation: Rathore, M. M. Engineering heat transfer, c2010:
  • Information found: ECIP t.p. (M.M. Rathore) pub. info. (Mahesh M. Rathore)

Powered by Koha